Movies Quiz

Random Movies Quiz

Movie adjectives 2 Quiz Stats

 Plays Quiz not verified by Sporcle

Challenge
Share
Tweet
Embed
Score 0/20 Timer 05:00
0 Plays Today
Used to describe Adjective % Correct
Will Huntinggood
91.5%
Animated penguin feethappy
90.9%
Mr Lebowskibig
88.6%
Eddie Murphy's professor (or Jerry Lewis')nutty
84.9%
Vince Vaughn, Luke Wilson and Will Ferrel's school of thoughtold
77.3%
Certain Expectationsgreat
73.8%
John Nash's mindbeautiful
73.8%
Dazed school kidsconfused
73.5%
Michael Cera and Jonah Hillsuperbad
72.2%
A woman, prostitutepretty
69.7%
Used to describe Adjective % Correct
Tarentino's Basterdsinglourious
64.4%
Peter Jackson's Boneslovely
64%
The one who wasn't good or badugly
59.6%
Mel Gibson's road warriormad
56.8%
Amy Adams' New York adventureenchanted
42.9%
Kevin Bacon's invisible manhollow
39.7%
Christian Slater and Patricia Arquette's romancetrue
29.7%
Cameron Diaz's chick comedy thingsweetest
24.9%
Diane Lane in a movie where she makes Richard Gere very angryunfaithful
24.3%
The upcoming Facebook-moviesocial
21.1%

You're not logged in!

Compare scores with friends on all Sporcle quizzes.
Join for Free
OR
Log In

You Might Also Like...

Show Comments

Extras

Created Feb 6, 2010ReportNominate
Tags:adjective, describe

Top Quizzes Today


Score Distribution

Your Account Isn't Verified!

In order to create a playlist on Sporcle, you need to verify the email address you used during registration. Go to your Sporcle Settings to finish the process.

Report this User

Report this user for behavior that violates our Community Guidelines.

Details: